|
|
|
|
| LEADER |
00000nab a2200000ua 4500 |
| 001 |
vtls010772594 |
| 003 |
SK-MaSNL |
| 005 |
20260303151809.0 |
| 008 |
230222s1979 xo |||||||||||||||||slo| |
| 035 |
|
|
|a (urnnbn)urn:nbn:sk:snk:ar-a009ew
|
| 035 |
|
|
|a (uuid)9b7a9cac-9248-4ace-b9ee-a8573a3107e2
|
| 035 |
|
|
|a urn:nbn:sk:snk-ab45vc
|
| 040 |
|
|
|a SNKBUCL
|b slo
|c SNKBUCL
|e AACR2
|
| 041 |
0 |
|
|a slo
|
| 044 |
|
|
|a xo
|c SK
|
| 100 |
1 |
|
|a Debnár, Ján
|4 aut
|9 802298
|
| 245 |
1 |
0 |
|a Pomoc rodičov gymnáziám
|c Ján Debnár
|
| 650 |
0 |
7 |
|a rodičovské združenia
|2 SNKPH
|9 71721
|
| 650 |
0 |
7 |
|a gymnáziá
|2 SNKPH
|9 16386
|
| 773 |
0 |
|
|t Rodina a škola
|g Roč. 26, č. 7 (1979), s. 25-[26]
|
| 954 |
|
|
|a odborná, vedecká literatúra pôvodná (slovenská)
|2 lita
|
| 958 |
|
|
|a OND
|
| 958 |
|
|
|a EUIPO
|
| 958 |
|
|
|a article3
|
| 999 |
|
|
|c 2019669
|d 2021599
|